[Event "TUR-chT 2nd League"]
[Site "Denizli"]
[Date "2023.07.12"]
[Round "6.134"]
[White "Kaymak, Ozan"]
[Black "Oztekin, Mehmet Metin"]
[Result "1-0"]
[WhiteElo "1777"]
[BlackElo "1886"]
[PlyCount "49"]
[EventDate "2023.07.09"]
[EventType "team-swiss"]
[EventRounds "9"]
[EventCountry "TUR"]
[SourceTitle "CBM 215 Extra"]
[Source "ChessBase"]
[SourceDate "2023.09.30"]
[SourceVersion "1"]
[SourceVersionDate "2023.09.30"]
[SourceQuality "1"]
[WhiteTeam "Denizli Ihtisas"]
[BlackTeam "Mersin Altin Piyon"]
[WhiteTeamCountry "TUR"]
[BlackTeamCountry "TUR"]

1. e4 c5 2. Nf3 Nc6 3. Bb5 g6 4. 0-0 Bg7 5. c3 d6 6. Bxc6+ bxc6 7. d3 e6 8. Re1 f6 9. Be3 Ne7 10. Nbd2 0-0 11. Qa4 a5 12. Rab1 Ba6 13. c4 Nc8 14. Qxc6 Nb6 15. e5 fxe5 16. Ne4 Bxc4 17. dxc4 Nxc4 18. Bxc5 Rc8 19. Qa6 Rxf3 20. gxf3 Rxc5 21. Nxc5 Nd2 22. Nxe6 Qd7 23. Qa8+ Kf7 24. Qd5 Qxe6 25. Qxd2 1-0

[Event "TUR-chT 2nd League"]
[Site "Konya"]
[Date "2022.08.27"]
[Round "8.10"]
[White "Kaymak, Ozan"]
[Black "Kurt, Emre"]
[Result "1-0"]
[WhiteElo "1743"]
[BlackElo "1651"]
[PlyCount "105"]
[EventDate "2022.08.22"]
[EventType "team-swiss"]
[EventRounds "9"]
[EventCountry "TUR"]
[SourceTitle "CBM 210 Extra"]
[Source "ChessBase"]
[SourceDate "2022.11.30"]
[SourceVersion "1"]
[SourceVersionDate "2022.11.30"]
[SourceQuality "1"]
[WhiteTeam "Denizli Ihtisas"]
[BlackTeam "Gulbahcesi Egitim"]
[WhiteTeamCountry "TUR"]
[BlackTeamCountry "TUR"]

1. e4 c5 2. Nf3 d6 3. Bb5+ Nc6 4. 0-0 Bd7 5. Re1 a6 6. Bf1 Bg4 7. h3 Bxf3 8. Qxf3 e6 9. c3 Nf6 10. Qd1 Be7 11. d4 cxd4 12. cxd4 0-0 13. Nc3 d5 14. e5 Nd7 15. Qg4 Kh8 16. Re3 Nxd4 17. Qxd4 Bc5 18. Qf4 d4 19. Rd3 dxc3 20. Qa4 cxb2 21. Bxb2 Nb6 22. Qa5 Qe7 23. Rc1 Rac8 24. Rdc3 Bb4 25. Qxb6 Bxc3 26. Rxc3 Rxc3 27. Bxc3 Rc8 28. Bb4 Qc7 29. Qxc7 Rxc7 30. g3 b5 31. Kg2 Rc1 32. Bd3 Ra1 33. a3 a5 34. Bd6 b4 35. axb4 a4 36. b5 a3 37. Kf3 Rc1 38. Bxa3 Rc3 39. Ke4 Rxa3 40. Kd4 Kg8 41. Bc4 Kf8 42. b6 Ra8 43. b7 Rb8 44. Ba6 Ke7 45. Kc5 f6 46. f4 g5 47. Kc6 gxf4 48. gxf4 fxe5 49. fxe5 Kf7 50. Bc4 Kg6 51. Bxe6 Kg5 52. Bc8 Kf4 53. e6 1-0

[Event "TUR-chT 2nd League"]
[Site "Konya"]
[Date "2022.08.23"]
[Round "2.6"]
[White "Yarar, Muammer Atakan"]
[Black "Kaymak, Ozan"]
[Result "1-0"]
[WhiteElo "1823"]
[BlackElo "1743"]
[PlyCount "85"]
[EventDate "2022.08.22"]
[EventType "team-swiss"]
[EventRounds "9"]
[EventCountry "TUR"]
[SourceTitle "CBM 210 Extra"]
[Source "ChessBase"]
[SourceDate "2022.11.30"]
[SourceVersion "1"]
[SourceVersionDate "2022.11.30"]
[SourceQuality "1"]
[WhiteTeam "Karaman Masterler"]
[BlackTeam "Denizli Ihtisas"]
[WhiteTeamCountry "TUR"]
[BlackTeamCountry "TUR"]

1. d4 Nf6 2. c4 e6 3. Nc3 Bb4 4. f3 c5 5. d5 0-0 6. e4 d6 7. Bd3 Re8 8. Nge2 b5 9. 0-0 exd5 10. cxd5 c4 11. Bc2 Bc5+ 12. Kh1 Qb6 13. b3 cxb3 14. axb3 Bd7 15. Bg5 Na6 16. Bxf6 gxf6 17. Nf4 Nb4 18. Nh5 Bd4 19. Ne2 Nxc2 20. Qxc2 Bxa1 21. Rxa1 Qd8 22. Qd2 Re5 23. Qh6 Rxh5 24. Qxh5 a5 25. Qh6 Qe7 26. h4 Qe5 27. Re1 Kh8 28. Nf4 Rg8 29. Nh5 Bf5 30. Qxf6+ Qxf6 31. Nxf6 Rg6 32. exf5 Rxf6 33. g4 h5 34. Kg2 hxg4 35. fxg4 Rh6 36. Kg3 Kg7 37. Ra1 Rh8 38. Rxa5 Rb8 39. g5 b4 40. Ra7 Rb5 41. g6 Rxd5 42. Rxf7+ Kg8 43. h5 1-0

[Event "TUR-chT 2nd League"]
[Site "Konya"]
[Date "2018.07.21"]
[Round "8.2"]
[White "Dalgar, Hakki Berat"]
[Black "Kaymak, Ozan"]
[Result "1-0"]
[WhiteElo "2029"]
[BlackElo "1623"]
[PlyCount "39"]
[EventDate "2018.07.16"]
[EventType "team-swiss"]
[EventRounds "9"]
[EventCountry "TUR"]
[SourceTitle "EXT 2019"]
[Source "ChessBase"]
[SourceDate "2018.10.10"]
[SourceVersion "1"]
[SourceVersionDate "2018.10.10"]
[SourceQuality "1"]
[WhiteTeam "Olbia VE Spor"]
[BlackTeam "Denizli Ihtisas"]
[WhiteTeamCountry "TUR"]
[BlackTeamCountry "TUR"]

1. d4 Nf6 2. Bg5 d5 3. Nc3 e6 4. e4 dxe4 5. Nxe4 Be7 6. Bxf6 Bxf6 7. Nf3 0-0 8. Qd2 Nc6 9. 0-0-0 Qd5 10. Nxf6+ gxf6 11. c4 Qa5 12. Qh6 Ne7 13. Qxf6 Ng6 14. Bd3 b5 15. c5 Bb7 16. h4 Qxa2 17. h5 Qa1+ 18. Bb1 Be4 19. h6 Qxb1+ 20. Kd2 1-0

[Event "TUR-chT 2nd League"]
[Site "Konya"]
[Date "2018.07.19"]
[Round "5.10"]
[White "Bek, Emir"]
[Black "Kaymak, Ozan"]
[Result "0-1"]
[WhiteElo "1859"]
[BlackElo "1623"]
[PlyCount "80"]
[EventDate "2018.07.16"]
[EventType "team-swiss"]
[EventRounds "9"]
[EventCountry "TUR"]
[SourceTitle "EXT 2019"]
[Source "ChessBase"]
[SourceDate "2018.10.10"]
[SourceVersion "1"]
[SourceVersionDate "2018.10.10"]
[SourceQuality "1"]
[WhiteTeam "Gulbahcesi Egitim"]
[BlackTeam "Denizli Ihtisas"]
[WhiteTeamCountry "TUR"]
[BlackTeamCountry "TUR"]

1. d4 Nf6 2. Nf3 e6 3. g3 b6 4. Bg2 Bb7 5. 0-0 Be7 6. c4 d5 7. b3 0-0 8. Nbd2 Nbd7 9. Bb2 c5 10. e3 a6 11. Qe2 b5 12. Rfc1 Qb6 13. Ba3 dxc4 14. bxc4 b4 15. Bb2 a5 16. Rab1 Rfd8 17. Ng5 Bxg2 18. Kxg2 h6 19. Nge4 Nxe4 20. Nxe4 f5 21. Nd2 Bf6 22. Nb3 a4 23. Nxc5 Nxc5 24. dxc5 Qxc5 25. Bxf6 gxf6 26. Qb2 Kg7 27. Qxb4 Qxb4 28. Rxb4 Rd2 29. c5 Rxa2 30. c6 a3 31. c7 Rb2 32. Ra4 Rc8 33. Rxa3 Rb7 34. Rac3 Kf7 35. Kh3 Ke7 36. Kh4 Ra7 37. Kh5 Ra2 38. R3c2 Ra7 39. Kg6 h5 40. Rc4 Raa8 0-1

[Event "TUR-chT 2nd League"]
[Site "Konya"]
[Date "2018.07.17"]
[Round "2.5"]
[White "Ozdemir, Serhan Berat"]
[Black "Kaymak, Ozan"]
[Result "0-1"]
[WhiteElo "1893"]
[BlackElo "1623"]
[PlyCount "136"]
[EventDate "2018.07.16"]
[EventType "team-swiss"]
[EventRounds "9"]
[EventCountry "TUR"]
[SourceTitle "EXT 2019"]
[Source "ChessBase"]
[SourceDate "2018.10.10"]
[SourceVersion "1"]
[SourceVersionDate "2018.10.10"]
[SourceQuality "1"]
[WhiteTeam "Koroglu Dernegi"]
[BlackTeam "Denizli Ihtisas"]
[WhiteTeamCountry "TUR"]
[BlackTeamCountry "TUR"]

1. c4 Nf6 2. Nc3 g6 3. g3 Bg7 4. Bg2 0-0 5. d3 c6 6. e4 d6 7. Nge2 e5 8. 0-0 Be6 9. Bg5 h6 10. Bxf6 Qxf6 11. f4 exf4 12. gxf4 Bg4 13. d4 Nd7 14. h3 Bxe2 15. Nxe2 Nb6 16. Qc2 Rae8 17. Rad1 Qe6 18. b3 f5 19. e5 dxe5 20. dxe5 Rd8 21. a4 Qe7 22. Kh1 a5 23. Nd4 Rd7 24. Rd2 Rfd8 25. Rfd1 Qh4 26. Rd3 Bxe5 27. Ne6 Rxd3 28. Rxd3 Re8 29. fxe5 Rxe6 30. Rd1 Rxe5 31. Qc3 Qe7 32. Qg3 Kh7 33. Kh2 Na8 34. Qc3 Nc7 35. Qd4 Ne8 36. Rc1 Nf6 37. Rd1 Ne4 38. Qd7 Kg7 39. Qc8 Qh4 40. Qc7+ Re7 41. Qxb7 Nf2 42. Rf1 f4 43. Qc8 g5 44. Qf5 Qg3+ 45. Kg1 Nxh3+ 46. Qxh3 Qxh3 47. Bxh3 h5 48. Rd1 g4 49. Bf1 Kg6 50. Rd8 Kg5 51. Rg8+ Kh4 52. Kf2 Rd7 53. Rf8 Rd2+ 54. Ke1 Rb2 55. Rxf4 Kg3 56. Rd4 Rxb3 57. c5 Rb1+ 58. Ke2 Rb2+ 59. Ke1 Rb1+ 60. Ke2 Rb3 61. Ke1 Re3+ 62. Be2 Re5 63. Rc4 Rg5 64. Rc3+ Kh2 65. Rc2 Kg1 66. Rc3 Re5 67. Rg3+ Kh2 68. Rb3 g3 0-1

[Event "Kemer Turkey Cup"]
[Site "Kemer"]
[Date "2014.02.06"]
[Round "7"]
[White "Kaymak, Ozan"]
[Black "Boz, Fatih Emre"]
[Result "1-0"]
[WhiteElo "1686"]
[BlackElo "1510"]
[PlyCount "126"]
[EventDate "2014.02.01"]
[EventType "swiss"]
[EventRounds "9"]
[EventCountry "TUR"]
[SourceTitle "CBM 158 Extra"]
[Source "ChessBase"]
[SourceDate "2014.02.28"]
[SourceVersion "1"]
[SourceVersionDate "2014.02.28"]
[SourceQuality "1"]

1. Nf3 Nf6 2. g3 g6 3. Bg2 Bg7 4. 0-0 d5 5. c4 d4 6. d3 0-0 7. Bf4 Nh5 8. Bg5 h6 9. Bd2 c5 10. Na3 a6 11. Qb3 Nc6 12. Rab1 e5 13. Qc2 Nb4 14. Qb3 Qe7 15. Bxb4 cxb4 16. Nc2 a5 17. Nd2 f5 18. a3 bxa3 19. Qxa3 Qg5 20. Nf3 Qd8 21. Nd2 Nf6 22. b4 Qc7 23. b5 Re8 24. b6 Qd8 25. Rb5 Bf8 26. Qa2 a4 27. Nf3 Bd6 28. c5+ Be6 29. Qb2 Bd7 30. cxd6 Bxb5 31. Qxb5 Qxd6 32. Nd2 Qe7 33. Ra1 a3 34. Qb3+ Kg7 35. Rxa3 Rad8 36. Bxb7 e4 37. Bc6 exd3 38. Qxd3 Qxe2 39. Bxe8 Qd1+ 40. Nf1 Qxd3 41. Rxd3 Rxe8 42. Rxd4 Rb8 43. Rd6 Ne4 44. Rc6 Nf6 45. Rc7+ Kg8 46. b7 Ne8 47. Rc8 Rxb7 48. Rxe8+ Kg7 49. Rc8 Rb1 50. Nce3 Rb5 51. f4 h5 52. h4 Rb2 53. Rc2 Rb7 54. Kf2 Rb3 55. Kf3 Kf6 56. Rc6+ Kg7 57. Nd2 Ra3 58. Ndc4 Rc3 59. Ne5 Rxc6 60. Nxc6 Kf7 61. Ne5+ Kg7 62. N3c4 Kf6 63. Ke3 Kg7 1-0